IP31 : (Record no. 196931)

MARC details
000 -LEADER
campo de control de longitud fija 02020nam a2200493 i 4500
001 - NÚMERO DE CONTROL
campo de control 196931
003 - IDENTIFICADOR DE NÚMERO DE CONTROL
campo de control ES-MaACL
005 - FECHA Y HORA DE LA ÚLTIMA TRANSACCIÓN
campo de control 20250819085730.0
008 - DATOS DE LONGITUD FIJA--INFORMACIÓN GENERAL
campo de control de longitud fija 250203s2023 sp a|||| c||| 000 0|cat|c
017 ## - NÚMERO DE COPYRIGHT O DE DEPÓSITO LEGAL
Número de copyright o de depósito legal DL V-3850-2023
Agencia que asigna Oficina Depósito Legal Valencia
020 ## - NÚMERO INTERNACIONAL ESTÁNDAR DEL LIBRO
Número Internacional Estándar del Libro 9788412030129
040 ## - FUENTE DE CATALOGACIÓN
Centro catalogador/agencia de origen ES-BaMCB
Lengua de catalogación cat
Normas de descripción rda
Centro/agencia transcriptor ES-BaMCB
080 ## - NÚMERO DE LA CLASIFICACIÓN DECIMAL UNIVERSAL
Número de la Clasificación Decimal Universal 7(460.31)(Tor)
100 1# - ENTRADA PRINCIPAL--NOMBRE DE PERSONA
Nombre de persona Tormo Cuenca, Rafael
9 (RLIN) 239647
Término indicativo de función/relación Autor
245 10 - MENCIÓN DEL TÍTULO
Título IP31 :
Resto del título la força del record és la capacitat d'estimar /
Mención de responsabilidad, etc. Rafael Tormo Cuenca ; textos: Rafael Tormo Cuenca [y siete más].
246 3# - FORMA VARIANTE DEL TITULO
Título propio/Titulo breve Força del record és la capacitat d'estimar
250 ## - MENCION DE EDICION
Mención de edición Primera edición: octubre de 2023
264 #1 - PRODUCCIÓN, PUBLICACIÓN, DISTRIBUCIÓN, FABRICACIÓN Y COPYRIGHT
Producción, publicación, distribución, fabricación y copyright [s. l.] :
Nombre del de productor, editor, distribuidor, fabricante SCOMUNICATIVA,
Fecha de producción, publicación, distribución, fabricación o copyright 2023
300 ## - DESCRIPCIÓN FÍSICA
Extensión 329 páginas :
Otras características físicas ilustrado a color ;
Dimensiones 27 cm.
336 ## - TIPO DE CONTENIDO
Término de tipo de contenido texto
Código de tipo de contenido txt
Fuente rdacontent
336 ## - TIPO DE CONTENIDO
Término de tipo de contenido imagen fija
Código de tipo de contenido sti
Fuente rdacontent
337 ## - TIPO DE MEDIO
Nombre/término del tipo de medio sin mediación
Código del tipo de medio n
Fuente rdamedia
338 ## - TIPO DE SOPORTE
Nombre/término del tipo de soporte volum
Código del tipo de soporte nc
Fuente rdacarrier
504 ## - NOTA DE BIBLIOGRAFÍA, ETC.
Nota de bibliografía, etc. Incluye referencias bibliográficas
546 ## - NOTA DE IDIOMA
Nota de lengua/lenguaje Texto en catalán con traducciones al español e inglés
600 10 - PUNTO DE ACCESO ADICIONAL DE MATERIA--NOMBRE DE PERSONA
Nombre de persona Tormo Cuenca, Rafael
Fuente del encabezamiento o término lemac
9 (RLIN) 239647
650 #7 - PUNTO DE ACCESO ADICIONAL DE MATERIA--TÉRMINO DE MATERIA
Término de materia o nombre geográfico como elemento de entrada Franquismo
Fuente del encabezamiento o término embne
9 (RLIN) 12981
650 #7 - PUNTO DE ACCESO ADICIONAL DE MATERIA--TÉRMINO DE MATERIA
Término de materia o nombre geográfico como elemento de entrada Arte y política-
9 (RLIN) 157049
Subdivisión geográfica España
655 #7 - TERMINO DE INDIZACIÓN--GENERO/FORMA
Fuente del término tgfbne
9 (RLIN) 193628
Datos o término principal de género/forma Catálogos de exposiciones
700 1# - ENTRADA AGREGADA--NOMBRE PERSONAL
Nombre de persona Ribera, Raimon
Término indicativo de función/relación Traductor
9 (RLIN) 241543
700 1# - ENTRADA AGREGADA--NOMBRE PERSONAL
Nombre de persona Morandi Garde, Teresa
Término indicativo de función/relación Autor
9 (RLIN) 241544
700 1# - ENTRADA AGREGADA--NOMBRE PERSONAL
Nombre de persona Ángeles, Álvaro de los
Término indicativo de función/relación Autor
9 (RLIN) 241545
700 1# - ENTRADA AGREGADA--NOMBRE PERSONAL
Nombre de persona Fernández i Zaragozà, Miquel
Término indicativo de función/relación Autor
9 (RLIN) 241546
700 1# - ENTRADA AGREGADA--NOMBRE PERSONAL
Nombre de persona Sánchez, Miquel
Término indicativo de función/relación Autor
9 (RLIN) 241547
700 1# - ENTRADA AGREGADA--NOMBRE PERSONAL
Nombre de persona Sánchez Vidagany, Manuel
Término indicativo de función/relación Autor
9 (RLIN) 241548
700 1# - ENTRADA AGREGADA--NOMBRE PERSONAL
Nombre de persona Rozalen, Francesc
Término indicativo de función/relación Autor
9 (RLIN) 241549
700 1# - ENTRADA AGREGADA--NOMBRE PERSONAL
Nombre de persona Adrià Montolio, Joan Josep
Término indicativo de función/relación Autor
9 (RLIN) 241550
852 ## - LOCALIZACIÓN
Ubicación ES-MaACL
Ubicación en estantería Depósito J
Número de control de estantería N-10329
Encuadernación Encuadernación rústica con solapas
itemnumber 206454
Donativo/Legado Donación: Editorial
942 ## - ELEMENTOS DE ENTRADA SECUNDARIOS (KOHA)
Tipo de ítem Koha Libro impreso
Suprimir en OPAC No
Holdings
Estatus retirado Estado de pérdida Fuente del sistema de clasificación o colocación Estado de daño No para préstamo Biblioteca de origen Biblioteca actual Ubicación en estantería Fecha de adquisición Fuente de adquisición Total de préstamos Signatura topográfica completa Código de barras Visto por última vez Precio de reemplazo Tipo de ítem Koha
    Clasificación decimal universal     Biblioteca del Ateneo de Madrid Biblioteca del Ateneo de Madrid Depósito J 03/08/2025 Donación   N-10329 2025-0832 03/08/2025 03/08/2025 Libro impreso